Flowers in Other Words Quiz Stats

Quiz Updated Aug 8, 2012

Challenge
Share
Tweet
Embed
Score 0/20 Timer 04:00
2 Plays Today
% Correct
Columbine
91.7%
Carnation
87.2%
Lotus
83.8%
Wisteria
79%
Rose
77.1%
Morning Glory
76.4%
Dahlia
71.7%
Petunia
71.1%
Laurel
70.8%
Lily
68.5%
% Correct
Marigold
58.9%
Mulberry
58.8%
Iris
56.1%
Jasmine
52.5%
Lavender
51.1%
Poppy
45.8%
Sweet Pea
45.5%
Hyacinth
41%
Myrtle
40.7%
Oleander
34.9%

You're not logged in!

Compare scores with friends on all Sporcle quizzes.
Join for Free
OR
Log In

You Might Also Like...

Show Comments

Extras

Top Quizzes Today


Score Distribution

Your Account Isn't Verified!

In order to create a playlist on Sporcle, you need to verify the email address you used during registration. Go to your Sporcle Settings to finish the process.

Report this User

Report this user for behavior that violates our Community Guidelines.

Details: